Countries with populations under 100,000 - Statistics

General Stats
  • This quiz has been taken 1,449 times
    1,406 since last reset
  • The average score is 11 of 13
Answer Stats
Answer % Correct
Vatican City
97%
San Marino
93%
Andorra
92%
Nauru
91%
Monaco
90%
Tuvalu
89%
Palau
88%
St Kitts and Nevis
84%
Marshall Islands
81%
Liechtenstein
78%
Antigua and Barbuda
75%
Dominica
68%
Seychelles
68%
No matching quizzes found
Score Distribution
Percent of People with Each Score
Percentile by Number Answered
Your Score History
You have not taken this quiz since the last reset